1353 1064 1035 1906 1062 1044 1415 1647 1823 1269 1448 1604 1261 1870 1477 1423 1575 1522 1272 1711 1120 1492 1076 1526 1893 1281 1117 1437 1830 1336 1236 1137 1246 1421 1085 1853 1888 1742 1485 1863 1061 1720 1029 1558 1463 1165 1653 1510 1962 1417 1063 1254 1616 1916 1262 1480 1923 1503 1355 1811 1956 1517 1279 1508 1960 1288 1195 1975 1537 1914 1669 1123 1592 1544 1689 1766 1331 1252 1311 1851 1685 1293 1681 1693 1158 1018 1999 1418 1769 1538 1317 1101 1587 1257 1113 1167 1246 1680 1729 BCNSPRNW ULIB Ver.6.0+V

เปลี่ยนเป็นภาษาไทย

Change to English
 แสดงรายละเอียดบรรณานุกรม
  กลับหน้าหลัก

Brief Record : Get Marc (ISO 2709) : E-mail record : QR code < ปิดหน้าต่าง
LEADER : 00000nam 2200000uu 4500
001    13399120599
003     ULIB
008    120928s2553||||th 000 0 tha d
020    ^a9789812599803(4)
041 1  ^atha^heng
060 04 ^aWY15^bJ111ก 2553
245 00 ^aการพยาบาลผู้ใหญ่และผู้สูงอายุที่มีปัญหาสุขภาพ^nเล่ม 4 =^bMedical-surgical nursing clinical management for positive outcomes /^cบรรณาธิการ, ผ่องศรี ศรีมรกต
246 31 ^aMedical-surgical nursing clinical management for positiveoutcomes
250    ^aพิมพ์ครั้งที่ 1
260    ^aกรุงเทพฯ :^bไอ กรุ๊ป เพรส,^c2553
300    ^axiv, 423 หน้า :^bภาพประกอบ ;^c28 ซม.
500    ^acl/บุ๊คแฟร์ ครั้งที่ 13/บุ๊คเน็ท ราคา 637.50 บาท
500    ^aแปลและเรียบเรียงจากหนังสือ Medical-surgical nursing :clinical management for positive outcomes / [edited by] Joyce M. Black, Jane Hokanson Hawks. 7th ed. 2001.
504    ^aมีดรรชนี
650  7 ^aการพยาบาลผู้สูงอายุ
650  7 ^aการพยาบาลอายุรศาสตร์
650  7 ^aผู้ป่วย^xการดูแล
650  7 ^aพยาบาล, การบริการ
700 0  ^aผ่องศรี ศรีมรกต,^eบรรณาธิการ
945    ^p0^l0^i16734
945    ^p0^l0^i16735
945    ^p0^l0^i16736
995    ^aวิภา
999 ^a ใช้งานได้ทุกระบบ
รายการนี้ยังไม่มีแท็ก
คุณยังไม่ได้ล็อกอิน คุณสามารถมีกิจกรรมร่วมกับเว็บไซต์ได้ แต่ต้องล็อกอินก่อน ::
  ล็อกอิน

รายการสื่อสารสนเทศ

ลำดับที่ ประเภท เลขเรียก/บาร์โค้ด สถานที่ สถานะ
1. วิทยาศาสตร์การแพทย์ และสุขภาพ
วิทยาศาสตร์การแพทย์ และสุขภาพ
WY15 J111ก 2553  
  Barcode: 16734
ห้องสมุดวิทยาเขตนครสวรรค์
►ส่วนจัดเก็บหนังสือเก่า นว.
บนชั้น
  ขอยืม
2. วิทยาศาสตร์การแพทย์ และสุขภาพ
วิทยาศาสตร์การแพทย์ และสุขภาพ
WY15 J111ก 2553 ฉ.2 
  Barcode: 16735
ห้องสมุดวิทยาเขตนครสวรรค์
►ส่วนจัดเก็บหนังสือเก่า นว.
บนชั้น
  ขอยืม
3. วิทยาศาสตร์การแพทย์ และสุขภาพ
วิทยาศาสตร์การแพทย์ และสุขภาพ
WY15 J111ก 2553 ฉ.3 
  Barcode: 16736
ห้องสมุดวิทยาเขตนครสวรรค์
►ส่วนจัดเก็บหนังสือเก่า นว.
บนชั้น
  ขอยืม

รายการใกล้เคียง
    หัวเรื่อง [การพยาบาลผู้สูงอายุ]
    หัวเรื่อง [การพยาบาลอายุรศาสตร์]
    หัวเรื่อง [ผู้ป่วย การดูแล]
    หัวเรื่อง [พยาบาล, การบริการ]

BibComment


ยังไม่เคยถูกคอมเมนท์

คอมเมนท์ทรัพยากรรายการนี้
  คอมเมนท์: การพยาบาลผู้ใหญ่..


 Copyright 2026. Bcnsprnw @Library